Catalog

Record Details

Catalog Search



Druhý život : [komedie o hledání životní změny]  Cover Image Book Book

Druhý život : [komedie o hledání životní změny] / Philip Roth ; [přeložil Jiří Hanuš]

Record details

  • ISBN: 978-80-204-1763-3
  • Physical Description: 344 s. ; 21 cm
  • Edition: 1. vyd.
  • Publisher: Praha : Mladá fronta, 2010

Content descriptions

General Note:
Přeloženo z angličtiny
Genre: americké romány
American fiction

Available copies

  • 1 of 1 copy available at Common Catalog SPOK.

Holds

  • 0 current holds with 1 total copy.
Show Only Available Copies
Location Call Number / Copy Notes Barcode Shelving Location Status Due Date
The Jewish community of Prague K 2816 4638301203 K - Beletrie Available -

Electronic resources

Version of Resource: Digitalizovaný dokument


LDR 01131nam a2200337 a 4500
00154117
003CZ-PrJAB
00520110203124359.0
007ta
008101125s2010 xr g 000 f cze
015 . ‡acnb002129471
020 . ‡a978-80-204-1763-3 ‡q(váz.)
035 . ‡a(CZ PrNK)nkc20102129471
035 . ‡a(OCoLC)697265602
040 . ‡aABA001 ‡bcze
0411 . ‡acze ‡heng
072 7. ‡a821.111(73)-3 ‡xAmerická próza ‡2Konspekt ‡925
080 . ‡a821.111(73)-31 ‡2MRF
080 . ‡a(0:82-31) ‡2MRF
1001 . ‡aRoth, Philip, ‡d1933-2018 ‡7jn19990007178 ‡4aut
24510. ‡aDruhý život : ‡b[komedie o hledání životní změny] / ‡cPhilip Roth ; [přeložil Jiří Hanuš]
250 . ‡a1. vyd.
260 . ‡aPraha : ‡bMladá fronta, ‡c2010
300 . ‡a344 s. ; ‡c21 cm
500 . ‡aPřeloženo z angličtiny
655 7. ‡aamerické romány ‡7fd131796 ‡2czenas
655 9. ‡aAmerican fiction ‡2eczenas
7650 . ‡tCounterlife ‡9Česky
85641. ‡uhttp://krameriusndk.nkp.cz/search/handle/uuid:f59545f0-3349-11e8-8cf8-005056827e52 ‡yDigitalizovaný dokument
910 . ‡aABE461
995 . ‡aska
901 . ‡a54117 ‡bAUTOGEN ‡c54117 ‡tbiblio

Additional Resources